[Event "Match"]
[Site "www.echecsemail.com"]
[Date "2019.08.28"]
[Round "1"]
[White "Mdesouza"]
[Black "Add"]
[WhiteElo "2160"]
[BlackElo "2050"]
[Result "0-1"]
[Round "1"]
1.e4 e5
2.Ng1f3 Nb8c6
3.d4 exd4
4.Nf3xd4 Nc6e5
5.Nb1c3 Ng8f6
6.f4 Ne5c6
7.Nd4xc6 bxc6
8.e5 Nf6g8
9.Bf1c4 d5
10.Nc3xd5 Bc8e6
11.Nd5e3 Qd8xd1
12.Kxd1 Ra8d8
13.Bc1d2 Bf8b4
14.c3 Bb4c5
15.Rh1e1 Bc5xe3
16.Re1xe3 Be6xc4
17.b3 Bc4d3
18.Ke1 Ng8e7
19.g4 Bd3a6
20.c4 c5
21.Bd2a5 Rd8d7
22.Ra1d1 Rd7xd1
23.Kxd1 O-O
24.Ba5xc7 Rf8c8
25.Re3d3 Ne7c6
26.Bc7d6 Nc6d4
 { time }
0-1

[Event "Match"]
[Site "www.echecsemail.com"]
[Date "2019.08.28"]
[Round "1"]
[White "Calponas"]
[Black "Ericleo1980"]
[WhiteElo "2070"]
[BlackElo "1900"]
[Result "0-1"]
[Round "1"]
1.e4 c5
2.Ng1f3 d6
3.Nb1c3 Ng8f6
4.d4 cxd4
5.Nf3xd4 a6
6.a4 e6
7.a5 Bc8d7
8.h3 Nb8c6
9.Nd4b3 Bf8e7
10.Bc1e3 Nc6b8
11.Bf1e2 Bd7c6
12.Be2f3 Nb8d7
13.Qd1d2 Ra8c8
14.O-O Nd7e5
15.Be3b6 Qd8d7
16.Rf1e1 Ne5c4
17.Qd2d4 Nc4xb6
18.Qd4xb6 O-O
19.Qb6d4 Rf8d8
20.Ra1d1 Qd7c7
21.Qd4e3 h6
22.g3 Nf6d7
23.Bf3g2 Nd7e5
24.Qe3d4 Bc6e8
25.Bg2f1 Ne5f3
{ resign }
0-1

[Event "Match"]
[Site "www.echecsemail.com"]
[Date "2019.08.28"]
[Round "1"]
[White "Tonino1"]
[Black "Dussek"]
[WhiteElo "2130"]
[BlackElo "1940"]
[Result "1-0"]
[Round "1"]
1.f4 Ng8f6
2.d4 e6
3.e3 b6
4.Ng1f3 Bc8b7
5.Bf1d3 Bf8e7
6.O-O O-O
7.c3 Nf6e4
8.Qd1e2 f5
9.Nb1d2 d6
10.g3 Nb8d7
11.Qe2g2 Nd7f6
12.Nf3g5 Ra8b8
13.Ng5xe6 Qd8c8
14.Ne6xf8 Qc8xf8
15.h3 Ne4c5
16.Qg2e2 Nc5xd3
17.Qe2xd3 Nf6h5
18.Kh2 g6
19.e4 Nh5g7
20.e5 Ng7e6
21.d5 Ne6c5
22.Qd3f3 Bb7a6
23.c4 b5
24.b3 bxc4
25.Nd2xc4 Nc5e4
26.Qf3e3 Qf8f7
27.e6 Qf7g7
28.Bc1b2 Be7f6
29.Bb2xf6 Qg7xf6
30.Ra1c1 Ne4c5
31.Rf1e1 Nc5e4
32.Qe3xa7 Ba6xc4
33.Qa7xb8 Kg7
34.Qb8xc7 Kh6
35.Qc7xc4 Qf6b2
36.Rc1c2 Qb2f6
37.Re1xe4 fxe4
38.Qc4xe4 Kg7
39.e7 { resign }
1-0

[Event "1/128 Finale"]
[Site "www.chess-mail.com"]
[Date "2019.08.28"]
[Round "1"]
[White "Esperanza"]
[Black "Picifarkinca"]
[WhiteElo "1980"]
[BlackElo "1730"]
[Result "1-0"]
[Round "1"]
1.e4 e6
2.d4 d5
3.e5 c5
4.c3 Qd8b6
5.Ng1f3 Bc8d7
6.Bf1d3 Bd7b5
7.O-O Bb5xd3
8.Qd1xd3 Nb8c6
9.b3  { time }
1-0

[Event "Tourn. n10194"]
[Site "www.echecsemail.com"]
[Date "2019.08.29"]
[Round "1"]
[White "Galiany17"]
[Black "Gandalf50"]
[WhiteElo "2390"]
[BlackElo "2410"]
[Result "1-0"]
[Round "1"]
1.e4 c5
2.Ng1f3 d6
3.d4 cxd4
4.Nf3xd4 Ng8f6
5.Nb1c3 a6
6.Bc1g5 e6
7.Qd1f3 Bf8e7
8.O-O-O Nb8d7
9.Kb1 Qd8c7
10.g4 b5
11.Bg5xf6 gxf6
12.Qf3e3 Bc8b7
13.a3 Ra8c8
14.Rh1g1 Nd7b6
15.f4 Nb6c4
16.Bf1xc4 Qc7xc4
17.Nd4b3 b4
18.Rd1d4 bxc3
19.Rd4xc4 Rc8xc4
20.Nb3a5 Rc4xe4
21.Qe3xc3 Bb7d5
22.Qc3c8 Be7d8
23.Na5c6 { resign }
1-0

[Event "Tourn. n10189"]
[Site "www.echecsemail.com"]
[Date "2019.08.29"]
[Round "1"]
[White "Bojan"]
[Black "Churrasca"]
[WhiteElo "1960"]
[BlackElo "2030"]
[Result "0-1"]
[Round "1"]
1.e4 c5
2.Ng1f3 d6
3.h3 Ng8f6
4.d4 cxd4
5.Qd1xd4 Nb8c6
6.Qd4e3 e6
7.Bc1d2 Bf8e7
8.Nf3h2 O-O
9.Bd2c3 d5
10.Nb1d2 d4
11.Qe3d3 dxc3
12.Qd3xc3 Nf6xe4
13.Nd2xe4 Be7b4
14.a3 Bb4xc3
15.Ne4xc3 Qd8b6
16.b3 Nc6d4
17.Bf1d3 Qb6a5
18.b4 Qa5c7
19.Nc3e2 Nd4xe2
20.Kxe2 e5
21.f3 f5
22.Nh2f1 e4
23.fxe4 fxe4
24.Bd3xe4 Qc7e5
25.Nf1d2 Bc8f5
26.Ke3 Ra8e8
27.Ra1e1 Bf5xe4
{ resign }
0-1

[Event "Match"]
[Site "www.echecsemail.com"]
[Date "2019.08.29"]
[Round "1"]
[White "Apdash"]
[Black "Ericleo1980"]
[WhiteElo "2210"]
[BlackElo "1900"]
[Result "1-0"]
[Round "1"]
1.e4 c5
2.Ng1f3 d6
3.Bf1c4 e6
4.O-O Ng8f6
5.e5 dxe5
6.Nf3xe5 a6
7.a4 Qd8d4
8.Qd1e2 Bf8d6
9.Ne5f3 Qd4e4
10.Qe2xe4 Nf6xe4
11.d3 Ne4f6
12.Nb1c3 b6
13.Rf1e1 O-O
14.Bc1g5 Nb8d7
15.Nc3e4 Bd6e7
16.Re1e2 Rf8e8
17.Ne4xf6 Be7xf6
18.Ra1e1 Bf6xg5
19.Nf3xg5 Nd7f6
20.f4 Bc8b7
21.f5 h6
22.fxe6 fxe6
23.Re2xe6 Re8xe6
24.Re1xe6 Kf8
25.Re6xb6 Bb7c8
26.Ng5e6 Bc8xe6
27.Rb6xe6 a5
28.Re6c6 Nf6d7
29.Bc4e6 { resign }
1-0

[Event "Match"]
[Site "www.echecsemail.com"]
[Date "2019.08.29"]
[Round "1"]
[White "Jesmantiz"]
[Black "Apdash"]
[WhiteElo "2200"]
[BlackElo "2230"]
[Result "1-0"]
[Round "1"]
1.c4 c5
2.e3 e5
3.Nb1c3 Nb8c6
4.b3 Ng8f6
5.Bc1b2 d5
6.cxd5 Nf6xd5
7.Ng1e2 Nc6b4
8.Ne2g3 a6
9.a3 Nb4c6
10.Bf1e2 Bf8e7
11.Ra1c1 O-O
12.O-O Bc8e6
13.Nc3a4 b6
14.b4 b5
15.Na4xc5 Be7xc5
16.Rc1xc5 Ra8c8
17.Qd1c2 Qd8d7
18.Rf1c1 Nd5e7
19.Be2f3 Nc6a7
20.Rc5c7 Rc8xc7
21.Qc2xc7 Qd7xc7
22.Rc1xc7 Na7c8
23.Bf3b7 Ne7d5
24.Rc7c5 Rf8d8
25.Bb2xe5 Nc8e7
26.f3 f6
27.Be5d4 Rd8d6
28.Kf2 Rd6b6
29.Bb7xd5 Be6xd5
30.Rc5xd5 Ne7xd5
31.e4 Rb6d6
32.exd5 Rd6xd5
33.Ke3 Kf7
34.Ng3e4 Rd5d8
35.Ne4c5 Rd8a8
36.Nc5b7 Ke6
37.g4 Kd5
38.Bd4c5 Kc4
39.Nb7a5 Kd5
40.d4 Ra8e8
41.Kf4 Re8e1
42.Kf5 Re1h1
43.Bc5f8 g6
44.Kxf6 Rh1xh2
45.Kg5 Kxd4
46.Bf8g7 Kd3
47.Na5c6 Rh2a2
48.Kh6 Ra2h2
49.Kg5 Rh2a2
50.f4 Ke4
51.f5 Kd5
52.Nc6e7 Kd6
53.Ne7xg6 hxg6
54.Kxg6 Ra2xa3
55.f6 a5
56.f7 { resign }
1-0

[Event "Match"]
[Site "www.echecsemail.com"]
[Date "2019.08.29"]
[Round "1"]
[White "Bjonil60"]
[Black "Dvdheever"]
[WhiteElo "1470"]
[BlackElo "1299"]
[Result "0-1"]
[Round "1"]
1.Nb1c3 Ng8f6
2.e3 Nb8c6
3.Qd1e2 g6
4.b3 Bf8g7
5.Ng1f3 O-O
6.e4 d5
7.e5 Nf6d7
8.Bc1a3 b6
9.O-O-O a5
10.Nf3g5 e6
11.Ng5f3 Bc8a6
12.h3 Ba6xe2
13.Bf1xe2 d4
14.Nc3e4 a4
15.Ba3xf8 Qd8xf8
16.d3 Nd7xe5
17.Nf3xe5 Nc6xe5
18.f3 Qf8a3
19.Kb1 axb3
20.cxb3 Qa3xa2
21.Kc1 Qa2a1
22.Kd2 Ra8a2
23.Ke1 Qa1b2
24.Ne4g3 Bg7h6
25.f4 Bh6xf4
26.Ng3f1 Qb2xe2

0-1

[Event "Match"]
[Site "www.echecsemail.com"]
[Date "2019.08.29"]
[Round "1"]
[White "Mdesouza"]
[Black "Foxy100"]
[WhiteElo "2160"]
[BlackElo "2490"]
[Result "0-1"]
[Round "1"]
1.e4 e5
2.Ng1f3 Nb8c6
3.Bf1b5 a6
4.Bb5xc6 dxc6
5.d4 exd4
6.Qd1xd4 Qd8xd4
7.Nf3xd4 Bc8d7
8.Nb1c3 O-O-O
9.Bc1e3 Bf8b4
10.O-O Bb4xc3
11.bxc3 b6
12.a4 Ng8f6
13.f3 Rh8e8
14.a5 Kb7
15.Rf1b1 b5
16.Nd4b3 Kb8
17.c4 Bd7e6
18.cxb5 cxb5
19.Nb3c5 Be6c8
20.c4 c6
21.cxb5 cxb5
22.Kf2 Nf6d7
23.Nc5b3 Nd7e5
24.Nb3d4 Kb7
 { time }
0-1

[Event "Match"]
[Site "www.echecsemail.com"]
[Date "2019.08.29"]
[Round "1"]
[White "Mdesouza"]
[Black "Tbsundar"]
[WhiteElo "2160"]
[BlackElo "2130"]
[Result "0-1"]
[Round "1"]
1.e4 e5
2.Ng1f3 Nb8c6
3.d4 exd4
4.Nf3xd4 Bf8c5
5.Bc1e3 Qd8f6
6.c3 Ng8e7
7.Bf1c4 Nc6e5
8.Bc4b3 d6
9.O-O O-O
10.h3 Qf6g6
11.g4 h5
12.f3 hxg4
13.hxg4 Ne7c6
14.Qd1e2 Bc8d7
15.Nd4f5 Bc5xe3
16.Nf5xe3 Nc6e7
17.Nb1d2 Bd7e6
18.Qe2g2 Ne5d3
19.Ra1b1 Qg6g5
20.Ne3f5 Ne7xf5
21.gxf5 Qg5e3
 { time }
0-1

[Event "Match"]
[Site "www.echecsemail.com"]
[Date "2019.08.29"]
[Round "1"]
[White "Hundegana"]
[Black "Mdesouza"]
[WhiteElo "2020"]
[BlackElo "2160"]
[Result "1-0"]
[Round "1"]
1.e4 d6
2.d4 e5
3.dxe5 dxe5
4.Qd1xd8 Kxd8
5.Bf1c4 Bc8e6
6.Bc4xe6 fxe6
7.Ng1f3 Nb8d7
8.O-O c6
9.Rf1d1 Kc7
10.Nb1c3 h6
11.Bc1e3 Ng8f6
12.h3 Bf8b4
13.Nf3d2 Bb4xc3
14.bxc3 b6
15.Nd2b3 Nf6xe4
16.Rd1d3 Ra8d8
17.Ra1d1 Nd7f6
18.f3 Rd8xd3
19.Rd1xd3 Ne4g3
20.Be3f2 Ng3e2
21.Kf1 Ne2f4
22.Rd3d2 Rh8d8
23.Rd2xd8  { time }
1-0

[Event "Match"]
[Site "www.echecsemail.com"]
[Date "2019.08.29"]
[Round "1"]
[White "Logout"]
[Black "Mdesouza"]
[WhiteElo "2070"]
[BlackElo "2160"]
[Result "1-0"]
[Round "1"]
1.e4 d6
2.d4 e5
3.d5 f5
4.Nb1c3 Ng8f6
5.f3 a6
6.Bf1d3 f4
7.Bc1d2 Nf6h5
8.Qd1e2 Qd8h4
9.Qe2f2 Nh5g3
10.h3 Bf8e7
11.O-O-O Qh4h6
12.Rh1h2 g5
13.Bd2e1 Rh8g8
14.Qf2d2 Rg8g6
15.Be1xg3 fxg3
16.Rh2h1 g4
17.Ng1e2 Be7g5
18.Qd2xg5 Qh6xg5
{ time. }
1-0

[Event "Tourn. n10094"]
[Site "www.echecsemail.com"]
[Date "2019.08.29"]
[Round "1"]
[White "Cal"]
[Black "Passaroa25"]
[WhiteElo "1750"]
[BlackElo "1750"]
[Result "1-0"]
[Round "1"]
1.c4 Ng8f6
2.Nb1c3 c6
3.e4 e5
4.h3 d6
5.d3 Bf8e7
6.Bc1g5 Nb8d7
7.b4 O-O
8.Ng1f3 Nf6h5
9.Bg5xe7 Qd8xe7
10.Bf1e2 Nh5f4
11.b5 Nf4xg2
12.Kd2 Ng2f4
13.Be2f1 Nd7b6
14.h4 Bc8g4
15.Bf1e2 g6
16.Nf3g5 Bg4d7
17.Kc2 f6
18.Ng5f3 h5
19.a3 Kf7
20.bxc6 Bd7xc6
21.Qd1d2 Ke8
22.Ra1b1 Qe7f7
23.Nf3h2 Nf4h3
24.f3 Nh3f4
25.Rh1g1 Nf4h3
26.Rg1f1 Nh3f4
27.Kc1 Ra8b8
28.Be2d1 Qf7d7
29.Bd1b3 Qd7h3
30.Kb2 Qh3xh4
31.Ka2 Ke7
32.d4 Qh4g3
33.Rf1f2 Nf4h3
34.Nc3a4 Bc6xa4
35.c5 Nh3xf2
36.cxb6 Ba4xb3
37.Rb1xb3 Qg3xh2
38.bxa7 b5
39.Rb3b2 Qh2g3
40.Rb2b3 h4
41.Qd2h6 Rb8b7
42.Qh6g7 Rf8f7
43.Qg7xf7 Kxf7
44.a8Q Rb7e7
45.Qa8d5 Re7e6
46.dxe5 fxe5
47.Qd5b7 Kf6
48.Rb3xb5 Qg3xf3
49.Rb5b4 h3
50.Qb7h7 Nf2xe4
51.Qh7h8 Kg5
52.Rb4b3 Ne4c3
53.Kb2 Nc3d1
54.Kc2 Qf3e2
55.Kc1 h2
56.Rb3g3 Kf4
57.Qh8h4 Kf5
58.Rg3g5 Kf6
59.Rg5g2 g5
60.Qh4h8 Kf7
61.Rg2xe2 Nd1c3
62.Re2f2 Kg6
63.Qh8g8 Kh5
64.Rf2xh2 Kg4
65.Rh2g2 Kf5
66.Qg8xg5 Ke4
67.Rg2d2 Nc3d5
68.Qg5g4 Nd5f4
69.a4 d5
70.Rd2e2 Kd3
71.Qg4f3 Kc4
72.Re2c2 Kb4
73.Qf3c3 Kxa4
74.Rc2a2 Kb5
75.Ra2a5 Kb6
76.Qc3c5 Kb7
77.Ra5a7 { resign }
1-0

[Event "Match"]
[Site "www.echecsemail.com"]
[Date "2019.08.29"]
[Round "1"]
[White "Mdesouza"]
[Black "Calponas"]
[WhiteElo "2160"]
[BlackElo "2070"]
[Result "0-1"]
[Round "1"]
1.e4 Nb8c6
2.Ng1f3 e5
3.d4 exd4
4.Nf3xd4 d6
5.Nb1c3 Bc8d7
6.Bc1e3 Ng8f6
7.Bf1e2 g6
8.Qd1d2 Bf8g7
9.f3 Qd8e7
10.O-O O-O-O
11.Nd4xc6 Bd7xc6
12.Be3xa7 d5
13.Nc3xd5 Nf6xd5
14.exd5 Rd8xd5
15.Be2d3 Rh8d8
 { time }
0-1

[Event "Match"]
[Site "www.echecsemail.com"]
[Date "2019.08.29"]
[Round "1"]
[White "Tarasch"]
[Black "Mdesouza"]
[WhiteElo "2340"]
[BlackElo "2160"]
[Result "1-0"]
[Round "1"]
1.d4 d6
2.c4 e5
3.dxe5 dxe5
4.Qd1xd8 Kxd8
5.g3 Bc8e6
6.Bf1g2 c6
7.Nb1d2 Ng8f6
8.b3 Bf8d6
9.Bc1b2 Nb8d7
10.Ng1h3 h6
11.O-O Kc7
12.Rf1d1 Ra8d8
13.Kh1 Rh8e8
14.f3 Nd7c5
15.Nh3f2  { time }
1-0

[Event "Match"]
[Site "www.echecsemail.com"]
[Date "2019.08.29"]
[Round "1"]
[White "Apdash"]
[Black "Mdesouza"]
[WhiteElo "2190"]
[BlackElo "2160"]
[Result "1-0"]
[Round "1"]
1.e4 d6
2.d4 e5
3.dxe5 dxe5
4.Qd1xd8 Kxd8
5.Ng1f3 f6
6.Bf1c4 Bf8c5
7.O-O c6
8.Nb1c3 Ng8e7
9.Nc3a4 Nb8d7
10.Rf1d1 Kc7
11.Rd1xd7 Bc8xd7
12.Na4xc5 Ra8d8
13.Bc4e6 Bd7c8
14.Be6xc8 Kxc8
15.Bc1e3 b6
16.Nc5d3 Rd8d7
17.Kf1 Rh8d8
18.Ke2 c5
19.Nf3e1 Kc7
20.a4 Ne7c6
21.c3 Nc6a5
22.b4  { time }
1-0

[Event "Tourn. n10167"]
[Site "www.echecsemail.com"]
[Date "2019.08.29"]
[Round "1"]
[White "Iko"]
[Black "Galiany17"]
[WhiteElo "1850"]
[BlackElo "2089"]
[Result "0-1"]
[Round "1"]
1.e4 e5
2.Ng1f3 Nb8c6
3.Bf1b5 a6
4.Bb5xc6 dxc6
5.Nf3xe5 Qd8d4
6.Ne5f3 Qd4xe4
7.Qd1e2 Qe4xe2
8.Kxe2 Bc8f5
9.d3 O-O-O
10.Rh1e1 Ng8f6
11.Nf3g5 Bf5g6
12.Ng5f3 Bf8d6
13.Nf3g5 Rh8e8
14.Kf1 Re8xe1
15.Kxe1 Rd8e8
16.Bc1e3 Nf6g4
17.h3 Ng4xe3
18.fxe3 Re8xe3
19.Kd2 Bd6f4
20.Ng5xf7 Re3e8
21.Kc3 Bg6xf7
22.Nb1a3 Re8e2
23.Ra1f1 Bf4d2
24.Kd4 c5
25.Kxc5 b6
26.Kc6 Re2e5
27.Rf1xf7 Re5c5

0-1

[Event "Tourn. n10151"]
[Site "www.echecsemail.com"]
[Date "2019.08.29"]
[Round "1"]
[White "Tonino1"]
[Black "Iko"]
[WhiteElo "2040"]
[BlackElo "1830"]
[Result "1-0"]
[Round "1"]
1.f4 f5
2.d4 d5
3.e3 Bc8e6
4.Bf1d3 Nb8c6
5.c3 Nc6a5
6.b3 Qd8d6
7.Bc1a3 Qd6c6
8.Qd1e2 Be6d7
9.Ng1f3 Ng8h6
10.Nf3e5 Qc6e6
11.Nb1d2 O-O-O
12.O-O g6
13.c4 dxc4
14.bxc4 Bf8g7
15.d5 Qe6f6
16.Ba3b4 Qf6b6
17.Ra1b1 c5
18.dxc6 Bg7xe5
19.cxd7 Rd8xd7
20.fxe5 Qb6a6
21.Nd2b3 Na5xb3
22.Rb1xb3 Qa6a4
23.c5 Rh8d8
24.Bd3b5 Rd7d2
25.Qe2xd2 Qa4xb5
26.Qd2c2 Qb5a4
27.h3 Nh6f7
28.Bb4c3 Qa4c4
29.Qc2b2 Qc4xc5
30.Bc3d4 Qc5d5
31.Rf1c1 Kb8
32.Rc1c5 Qd5e4
33.Rb3xb7 Qe4xb7
34.Rc5b5 Rd8d7
35.Rb5xb7 Rd7xb7
36.Qb2a3 Nf7d8
37.Qa3a4 Nd8e6
38.Qa4e8 Kc7
39.Qe8xe7 Kc8
40.Qe7xe6 Kd8
41.Qe6f6 Ke8
42.Bd4xa7 Rb7xa7
43.Qf6h8 Ke7
44.Qh8xh7 Ke6
45.Qh7xa7 Kxe5
46.Qa7d7 Ke4
47.Qd7d4 
1-0

[Event "1/8 Finale"]
[Site "www.chess-mail.com"]
[Date "2019.08.29"]
[Round "1"]
[White "Asoka"]
[Black "Jose"]
[WhiteElo "2770"]
[BlackElo "2810"]
[Result "1/2-1/2"]
[Round "1"]
1.a3 Ng8f6
2.d4 g6
3.Ng1f3 Bf8g7
4.c4 O-O
5.e3 d6
6.Nb1c3 e5
7.Bf1e2 Nb8c6
8.d5 Nc6e7
9.e4 Nf6h5
10.O-O f5
11.Rf1e1 Nh5f6
12.Be2d3 h6
13.exf5 gxf5
14.Nf3h4 c6
15.g3 cxd5
16.cxd5 a6
17.a4 Qd8e8
18.Ra1a3 Qe8f7
19.Ra3b3 Nf6xd5
20.Bd3c4 Bc8e6
21.Rb3xb7 Nd5xc3
22.Bc4xe6 Qf7xe6
23.bxc3 Ra8b8
24.Rb7a7 Rb8a8
25.Ra7xa8 Rf8xa8
26.Qd1e2 Qe6b3
27.Qe2h5 Qb3e6
28.Qh5e2 e4
29.Re1d1 Bg7xc3
30.Bc1xh6 Qe6xh6
31.Qe2c4 d5
32.Qc4xc3 Kf7
33.Nh4g2 Ra8c8
34.Qc3b2 Qh6c6
35.Ng2f4 Qc6xa4
36.Qb2e2 e3
37.Qe2h5 Kg8
38.Qh5g5 Kf7
39.Rd1e1 Qa4e4
40.Qg5h5 Kg8
41.f3 Qe4d4
42.Qh5h6 Qd4d2
{ draw }
1/2-1/2

[Event "1/128 Finale"]
[Site "www.chess-mail.com"]
[Date "2019.08.29"]
[Round "1"]
[White "Esperanza"]
[Black "Orhany24"]
[WhiteElo "1980"]
[BlackElo "2180"]
[Result "1-0"]
[Round "1"]
1.e4 e5
2.Ng1f3 Nb8c6
3.Bf1c4 Ng8f6
4.d3 Bf8e7
5.O-O h6
6.c3 d5
7.exd5 Nf6xd5
8.Rf1e1 f6
9.d4 Nd5b6
10.Bc4b3 Bc8g4
11.h3 Bg4h5
12.g4 Bh5f7
13.Bb3xf7 Kxf7
14.Qd1b3 Qd8d5
15.Qb3xd5 Nb6xd5
16.dxe5 fxe5
17.Nf3xe5 Nc6xe5
18.Re1xe5 Nd5f6
19.Nb1d2 Be7d6
20.Re5e1 Rh8e8
21.Nd2f3 Re8xe1
22.Nf3xe1 Ra8e8
23.Kf1 Nf6d5
24.Ne1f3 Nd5f4
25.Bc1xf4 Bd6xf4
26.Ra1d1 Re8e7
27.Nf3h4 g6
28.Nh4g2 Bf4g3
29.fxg3 { resign }
1-0

[Event "Fast Game"]
[Site "www.echecsemail.com"]
[Date "2019.08.29"]
[Round "1"]
[White "Comrade"]
[Black "Claudia"]
[WhiteElo "1979"]
[BlackElo "2000"]
[Result "1/2-1/2"]
[Round "1"]
1.c4 Ng8f6
2.d4 e6
3.Nb1c3 d5
4.e3 Bf8e7
5.Ng1f3 O-O
6.Bf1d3 Nb8d7
7.O-O dxc4
8.Bd3xc4 c5
9.a3 a6
10.dxc5 Be7xc5
11.b4 Bc5e7
12.Bc1b2 b5
13.Qd1c2 bxc4
14.Ra1d1 Qd8c7
15.e4 Bc8b7
16.Rf1e1 Nd7b6
17.Nf3d4 Rf8d8
18.f3 h6
19.e5 Nf6d5
20.Nc3e4 c3
21.Bb2xc3 Nd5xc3
22.Ne4xc3 Nb6d5
23.Nc3xd5 Qc7xc2
24.Nd5xe7 Kf8
25.Nd4xc2 Kxe7
26.Nc2e3 Ra8c8
27.Rd1c1 Rd8d3
28.Rc1xc8 Bb7xc8
29.Re1c1 Rd3xe3
30.Rc1xc8 Re3xa3
31.Rc8c7 Ke8
32.Rc7a7 Ra3a4
{ draw }
1/2-1/2

[Event "Tourn. n10204"]
[Site "www.echecsemail.com"]
[Date "2019.08.30"]
[Round "1"]
[White "Bojan"]
[Black "Apdash"]
[WhiteElo "2020"]
[BlackElo "2150"]
[Result "0-1"]
[Round "1"]
1.e4 c5
2.Ng1f3 d6
3.d4 cxd4
4.Nf3xd4 Nb8c6
5.b3 Ng8f6
6.f3 e5
7.Nd4xc6 bxc6
8.Bc1b2 Bf8e7
9.c4 O-O
10.Nb1c3 Bc8e6
11.Qd1d2 Qd8c7
12.Bf1e2 Ra8d8
13.O-O d5
14.exd5 cxd5
15.cxd5 Nf6xd5
16.Nc3xd5 Rd8xd5
17.Qd2e1 Rf8d8
18.Ra1c1 Qc7b6
19.Rf1f2 Be7c5
20.Rc1xc5 Qb6xc5
21.g3 Rd5d2
22.Bb2c1 Rd2c2
23.Be2c4 Rd8d1
{ resign }
0-1

[Event "Tourn. n10204"]
[Site "www.echecsemail.com"]
[Date "2019.08.30"]
[Round "1"]
[White "Fantomas"]
[Black "Bojan"]
[WhiteElo "2160"]
[BlackElo "2020"]
[Result "1/2-1/2"]
[Round "1"]
1.e4 e5
2.Ng1f3 Nb8c6
3.d4 exd4
4.Nf3xd4 Nc6xd4
5.Qd1xd4 Qd8f6
6.e5 Qf6e6
7.Nb1c3 c6
8.Bc1e3 b6
9.Bf1c4 Qe6g6
10.Qd4e4 Ng8e7
11.O-O-O f5
12.exf6 gxf6
13.Bc4e2 Kf7
14.Qe4f3 Bf8h6
15.g4 Rh8d8
16.Rh1g1 Bh6xe3
17.Qf3xe3 h6
18.h4 d5
19.g5 Ne7f5
20.Qe3f4 hxg5
21.hxg5 Bc8d7
22.gxf6 Qg6h6
23.Qf4xh6 Nf5xh6
24.Be2h5 Ke6
25.Rg1g6 Nh6f7
26.Rg6g7 Rd8f8
27.Rd1e1 Kxf6
28.Rg7g6 Kf5
29.Re1g1 Ke5
30.Nc3e2 Rf8h8
31.Bh5f3 { draw }
1/2-1/2

[Event "Tourn. n10154"]
[Site "www.echecsemail.com"]
[Date "2019.08.30"]
[Round "1"]
[White "Jerome"]
[Black "Tartan"]
[WhiteElo "2269"]
[BlackElo "2440"]
[Result "1-0"]
[Round "1"]
1.e4 c5
2.Ng1f3 e6
3.d4 cxd4
4.Nf3xd4 a6
5.c4 Ng8f6
6.Nb1c3 Qd8c7
7.Bf1e2 b6
8.O-O Bc8b7
9.Qd1d3 d6
10.f4 Nb8d7
11.b4 a5
12.Nc3b5 Qc7b8
13.f5 e5
14.Nd4e6 fxe6
15.fxe6 axb4
16.exd7 Kxd7
17.Bc1d2 Bf8e7
18.Bd2xb4 Bb7xe4
19.Qd3h3 Kc6
20.Ra1d1 Ra8xa2
21.Be2f3 Be4xf3
22.Qh3xf3 { resign }
1-0

[Event "Tourn. n10142"]
[Site "www.echecsemail.com"]
[Date "2019.08.30"]
[Round "1"]
[White "Numanoid"]
[Black "Rons"]
[WhiteElo "2770"]
[BlackElo "2650"]
[Result "1-0"]
[Round "1"]
1.e4 c5
2.Ng1f3 d6
3.Bf1b5 Nb8d7
4.d4 Ng8f6
5.O-O cxd4
6.Qd1xd4 g6
7.e5 dxe5
8.Qd4xe5 Bf8g7
9.Rf1e1 e6
10.Qe5d6 a6
11.Bb5f1 Qd8e7
12.Qd6xe7 Kxe7
13.Nb1d2 b6
14.b3 Nf6d5
15.Bc1a3 Nd7c5
16.Ra1d1 Bg7c3
17.Nd2c4 Bc3xe1
18.Nf3xe1 Ra8b8
19.Nc4xb6 Nd5xb6
20.Ba3xc5 Ke8
21.Bc5d4 Rh8f8
22.Ne1d3 Nb6d7
23.Nd3e5 f6
24.Ne5c6 Rb8a8
25.Nc6a5 Ra8b8
26.a4 Kf7
27.g3 f5
28.Bf1g2 e5
29.Bd4c3 Nd7f6
30.Na5c6 Rb8b6
31.Rd1d6 Kg7
32.Bc3xe5 g5
33.a5 Rb6b7
34.Nc6d4 Rb7f7
35.Bg2d5 Rf7e7
36.f4 Kg6
37.Rd6b6 gxf4
38.gxf4 h5
39.c4 Re7a7
40.Kf1 h4
41.Nd4e6 Rf8f7
42.Ne6c5 { resign }
1-0

[Event "Tourn. n10147"]
[Site "www.echecsemail.com"]
[Date "2019.08.30"]
[Round "1"]
[White "D4minance"]
[Black "Nevaeh"]
[WhiteElo "2800"]
[BlackElo "2840"]
[Result "1/2-1/2"]
[Round "1"]
1.d4 Ng8f6
2.c4 e6
3.g3 Bf8e7
4.Bf1g2 d5
5.Ng1f3 O-O
6.O-O dxc4
7.Qd1c2 a6
8.a4 Bc8d7
9.Qc2xc4 Bd7c6
10.Bc1g5 Nb8d7
11.Nb1c3 h6
12.Bg5f4 Be7d6
13.Nf3e5 Bc6xg2
14.Kxg2 Nf6h5
15.Rf1g1 Qd8e7
16.Nc3e4 Rf8d8
17.Ne5xd7 Nh5xf4
18.gxf4 Qe7xd7
19.e3 Ra8c8
20.Ra1c1 f5
21.Ne4xd6 cxd6
22.Qc4b3 Kh7
23.h3 Rd8e8
24.Rc1c3 e5
25.Rc3xc8 Re8xc8
26.dxe5 dxe5
27.fxe5 Rc8c5
28.Rg1d1 Qd7c6
29.Kg3 Rc5xe5
30.Qb3f7 Re5e6
31.Qf7xf5 Re6g6
32.Kf4 Qc6xa4
33.Rd1d4 Qa4c6
34.h4 Qc6f6
35.Qf5xf6 Rg6xf6
36.Kg3 Rf6g6
37.Kh3 a5
38.Rd4d5 Rg6b6
39.Rd5xa5 Rb6xb2
40.Kg3 b5
41.h5 b4
42.e4 b3
43.Ra5b5 g5
44.Rb5b7 Kg8
45.Rb7b6 { draw }
1/2-1/2

[Event "Tourn. n10180"]
[Site "www.echecsemail.com"]
[Date "2019.08.30"]
[Round "1"]
[White "Seger"]
[Black "Galiany17"]
[WhiteElo "2820"]
[BlackElo "2309"]
[Result "1-0"]
[Round "1"]
1.c4 e5
2.Nb1c3 Bf8b4
3.Qd1b3 Nb8c6
4.e3 Ng8f6
5.Ng1f3 a5
6.a3 Bb4xc3
7.Qb3xc3 d6
8.b3 O-O
9.d3 Rf8e8
10.Bc1b2 Bc8g4
11.Bf1e2 Bg4xf3
12.Be2xf3 Nc6d4
13.Bf3d1 c6
14.O-O Nd4f5
15.Ra1c1 h6
16.h3 Qd8d7
17.Rf1e1 Qd7e7
18.g3 Qe7d7
19.Kg2 Nf6h7
20.Bd1g4 Nh7f6
21.Bg4f3 a4
22.b4 g6
23.Qc3d2 d5
24.Re1d1 Qd7e7
25.cxd5 cxd5
26.Rc1c5 Re8c8
27.Rc5xc8 Ra8xc8
28.e4 Nf5d4
29.Bb2xd4 exd4
30.exd5 Rc8c3
31.Qd2f4 Nf6e8
32.Qf4e4 Qe7d7
33.Rd1e1 Ne8d6
34.Qe4h4 Rc3xd3
35.Bf3g4 Qd7c7
36.Qh4f6 Rd3d2
37.Re1e7 Qc7d8
38.Qf6e5 h5
39.Re7d7 Qd8f8
40.Bg4f3 Nd6f5
41.Rd7xb7 Nf5d6
42.Rb7d7 Nd6f5
43.d6 Rd2c2
44.Qe5f6 Qf8g7
45.Rd7d8 Kh7
46.Qf6xg7 Nf5xg7
47.Rd8e8 { resign }
1-0

[Event "Match"]
[Site "www.echecsemail.com"]
[Date "2019.08.30"]
[Round "1"]
[White "Mdesouza"]
[Black "Joseph1983"]
[WhiteElo "2160"]
[BlackElo "2240"]
[Result "0-1"]
[Round "1"]
1.e4 c5
2.c3 d5
3.exd5 Qd8xd5
4.d4 cxd4
5.cxd4 Nb8c6
6.Ng1f3 Bc8g4
7.Bf1e2 e6
8.O-O Bf8d6
9.Nb1c3 Qd5h5
10.h3 Bg4xh3
11.gxh3 Qh5xh3
12.Nc3e4 Bd6c7
13.Rf1e1 Qh3g4
14.Ne4g3 Bc7xg3
15.fxg3 Qg4xg3
16.Kh1 Ng8f6
17.Re1g1 Qg3h3
18.Nf3h2 Nf6e4
19.Qd1e1 Nc6xd4
20.Be2g4 Qh3d3
21.Qe1e3 Qd3xe3
22.Bc1xe3 Nd4c2
 { time }
0-1

[Event "Match"]
[Site "www.echecsemail.com"]
[Date "2019.08.30"]
[Round "1"]
[White "Mdesouza"]
[Black "Micheles"]
[WhiteElo "2160"]
[BlackElo "2580"]
[Result "0-1"]
[Round "1"]
1.e4 c6
2.d4 d5
3.exd5 cxd5
4.Ng1f3 Ng8f6
5.Bf1d3 Bc8g4
6.O-O e6
7.Bc1g5 Bf8e7
8.Nb1d2 O-O
9.h3 Bg4h5
10.Rf1e1 Qd8c7
11.c3 Nb8c6
12.Qd1c2 Bh5g6
13.Bd3xg6 hxg6
14.Nf3e5 Nc6xd4
15.Qc2a4 Nd4c6
16.Ne5d3 a6
 { time }
0-1

[Event "Tourn. n10187"]
[Site "www.echecsemail.com"]
[Date "2019.08.30"]
[Round "1"]
[White "Claudia"]
[Black "Fantomas"]
[WhiteElo "2170"]
[BlackElo "2160"]
[Result "1/2-1/2"]
[Round "1"]
1.d4 d5
2.c4 e6
3.Nb1c3 Ng8f6
4.cxd5 exd5
5.Bc1g5 Bf8e7
6.e3 h6
7.Bg5f4 a6
8.Bf1d3 Nb8c6
9.Ra1c1 O-O
10.h3 Be7d6
11.Ng1e2 Nf6h5
12.Nc3xd5 Nh5xf4
13.Nd5xf4 Qd8g5
14.Qd1b3 Nc6e7
15.Bd3e4 Ra8b8
16.Nf4d5 Bc8e6
17.Nd5xe7 Qg5xe7
18.Qb3c2 c6
19.O-O Be6xa2
20.Ne2c3 Ba2e6
21.Be4h7 Kh8
22.Bh7f5 Rb8d8
23.Bf5xe6 Qe7xe6
24.Nc3e4 Bd6e7
25.Ne4c5 Qe6c8
26.Qc2b3 Be7xc5
{ draw }
1/2-1/2

[Event "Tourn. n10141"]
[Site "www.echecsemail.com"]
[Date "2019.08.30"]
[Round "1"]
[White "Andychesston"]
[Black "Kevinking"]
[WhiteElo "1980"]
[BlackElo "1910"]
[Result "1-0"]
[Round "1"]
1.e4 Ng8f6
2.e5 Nf6d5
3.c4 Nd5b6
4.d4 d6
5.c5 dxc5
6.Ng1f3 Bc8g4
7.dxc5 Qd8xd1
8.Kxd1 Nb6d5
9.Bf1e2 e6
10.Nf3d4 Bg4xe2
11.Kxe2 Bf8xc5
12.Bc1e3 a6
13.Nd4xe6 fxe6
14.Be3xc5 b6
15.Bc5e3 Nb8d7
16.f4 Nd5xe3
17.Kxe3 O-O-O
18.Nb1c3 Nd7b8
19.Ra1c1 Nb8d7
20.Nc3e4 Nd7b8
21.Ne4d6 Rd8xd6
22.exd6 c5
23.Rh1d1 Kd7
24.b4 Kc6
25.Ke4 Nb8d7
26.a4 Rh8f8
27.g3 h5
28.h4 g6
29.bxc5 bxc5
30.Rc1b1 Rf8f5
31.a5 Rf5d5
32.Rd1xd5 exd5
33.Kf3 Kxd6
34.g4 c4
35.f5 hxg4
36.Kxg4 gxf5
37.Kxf5 d4
38.h5 Kd5
39.h6 Nd7f8
40.Rb1b8 c3
41.Rb8xf8 { resign }
1-0

[Event "Match"]
[Site "www.echecsemail.com"]
[Date "2019.08.30"]
[Round "1"]
[White "Llord"]
[Black "Tonino1"]
[WhiteElo "1980"]
[BlackElo "2130"]
[Result "0-1"]
[Round "1"]
1.e4 d6
2.d4 Ng8f6
3.Nb1c3 c6
4.Ng1f3 Qd8a5
5.Bc1d2 Qa5c7
6.Bd2f4 Nb8d7
7.Bf1d3 e5
8.dxe5 dxe5
9.Bf4g5 g6
10.O-O Bf8g7
11.a3 h6
12.Bg5xf6 Nd7xf6
13.Nc3a2 Bc8e6
14.b3 Ra8d8
15.Na2b4 a5
16.Nb4a2 Nf6xe4
17.Qd1e2 Ne4c5
18.Nf3e1 e4
19.Bd3xe4 Nc5xe4
20.Qe2xe4 Bg7xa1
21.Ne1f3 Ba1g7
22.b4 O-O
23.Na2c3 Bg7xc3
24.Nf3h4 Rd8d4
25.Qe4e3 Rd4xh4
26.g3 Bc3d4
27.Qe3d3 Be6f5
{ resign }
0-1